| 000 | 00723cam a2200229Ii 4500 | ||
|---|---|---|---|
| 001 | 41056 | ||
| 005 | 20230411085955.0 | ||
| 008 | 771018s1960 pr cg b 000 0dspa d | ||
| 035 | _a(OCoLC)ocm03349752 | ||
| 040 |
_aLUU _cLUU _dOCL _dOCLCQ |
||
| 035 | _a(OCoLC)3349752 | ||
| 090 |
_aML410.T158 _bV4 |
||
| 049 | _aGRAL | ||
| 100 | 1 | _aVeray, Amaury. | |
| 245 | 1 | 0 |
_aManuel Gregorio Tavárez : _bsoledad y plenitude / _cAmaury Veray. |
| 260 |
_a[San Juan de P.R.] : _bAteneo puertorriqueno, _c1960. |
||
| 300 |
_a98 p. : _bmusic, port. ; _c22 cm. |
||
| 504 | _aIncludes bibliographical references (p. 97-98). | ||
| 600 | 1 | 0 |
_aTavâarez, Manuel G. _q(Manuel Gregorio), _d1843-1883. |
| 942 |
_2lcc _cbk |
||
| 994 |
_aC0 _bDRFGD |
||
| 999 |
_c110304 _d110304 |
||